Egy vállalkozás vagyoni, pénzügyi és jövedelmezőségi helyzetének értékelése

Bibliographic Details
Main Author: Zakar Norbert
Other Authors: Ilyés Dr. Csaba
Format: Thesis
Kulcsszavak:elemzés
vagyoni helyzet
Pénzügyi helyzet
Jövedelmezőségi helyzet értékelése
Online Access:http://dolgozattar.uni-bge.hu/16966

MARC

LEADER 00000nta a2200000 i 4500
001 dolg16966
005 20190403144037.0
008 180516suuuu hu om 000 hun d
040 |a BGE Dolgozattár Repozitórium  |b hun 
041 |a hu 
100 1 |a Zakar Norbert 
245 1 0 |a Egy vállalkozás vagyoni, pénzügyi és jövedelmezőségi helyzetének értékelése  |c Zakar Norbert  |h [elektronikus dokumentum] 
695 |a elemzés 
695 |a vagyoni helyzet 
695 |a Pénzügyi helyzet 
695 |a Jövedelmezőségi helyzet értékelése 
700 1 |a Ilyés Dr. Csaba  |e ths 
856 4 0 |u http://dolgozattar.uni-bge.hu/16966/1/Szakdolgozat.pdf  |z Dokumentum-elérés 
856 4 0 |u http://dolgozattar.uni-bge.hu/16966/2/Titkos%C3%ADt%C3%A1si%20k%C3%A9relem.pdf  |z Dokumentum-elérés